000 00605nam a2200241Ia 4500
003 OSt
005 20220924141754.0
006 a|||||r|||| 00| 0
007 ta
008 220923b |||||||| |||| 00| 0 ben d
020 _a8185971420 (hbk)
024 _a299289
037 _cTextual
040 _aARTS
_cARTS
_bben
041 _2ben
_aben
082 _aO157,6NRO1x, N8
100 _aRokeya Begum
_9212502
245 0 _aAgranthita rokeya
260 _c1998
650 _aBENGALI LITERATURE
942 _hO157,6NRO1x, N8
_cTEXL
_2CC
999 _c448230
_d448230